000 00350nam a2200133 a 4500
005 20140414131905.0
008 090317s19uu xx 00 eng d
020 _a
050 _aFIC
_bSt8 1997
100 _aStrasser, Todd
245 _aHelp! I'm trapped in obedience school again.
260 _aNew York :
_bScholastic ,
_c1997.
999 _c110903
_d110903